<?xml version="1.0" encoding="UTF-8"?>
<collection xmlns="http://www.loc.gov/MARC21/slim">
    <record>
        <controlfield tag="001">62241</controlfield>
        <controlfield tag="005">20170921121659.0</controlfield>
        <datafield tag="037" ind1=" " ind2=" ">
            <subfield code="a">TAZ-TFG-2017-1224</subfield>
        </datafield>
        <datafield tag="041" ind1=" " ind2=" ">
            <subfield code="a">spa</subfield>
        </datafield>
        <datafield tag="100" ind1="1" ind2=" ">
            <subfield code="a">López Esbec, Teresa</subfield>
        </datafield>
        <datafield tag="242" ind1="0" ind2="0">
            <subfield code="a">The procedural guarantees in the identification of imputed people by DNA profiles</subfield>
        </datafield>
        <datafield tag="245" ind1="0" ind2="0">
            <subfield code="a">Las garantías procesales en la identificación de imputados mediante perfiles de ADN.</subfield>
        </datafield>
        <datafield tag="260" ind1=" " ind2=" ">
            <subfield code="a">Zaragoza</subfield>
            <subfield code="b">Universidad de Zaragoza</subfield>
            <subfield code="c">2017</subfield>
        </datafield>
        <datafield tag="506" ind1=" " ind2=" ">
            <subfield code="a">by-nc-sa</subfield>
            <subfield code="b">Creative Commons</subfield>
            <subfield code="c">3.0</subfield>
            <subfield code="u">http://creativecommons.org/licenses/by-nc-sa/3.0/</subfield>
        </datafield>
        <datafield tag="520" ind1=" " ind2=" ">
            <subfield code="a">Durante muchos años, el ser humano ha utilizado diversas técnicas para determinar si una persona es o no responsable de la comisión de un delito. Pero desde hace aproximadamente veinte años, la identificación mediante el perfil del ácido desoxirribonucleico (en adelante ADN), ha supuesto una autentica revolución. Se trata de una técnica que, al igual que otras como puede ser el análisis caligráfico o dactilográfico, se basa en la comparación entre una muestra que tenga carácter indubitado, esto es, obtenida sin que exista duda alguna sobre su origen, con otra cuyo origen se desconoce de forma fehaciente, esto es, una muestra dubitada. Si ambas coinciden en sus resultados, este medio probatorio puede servir para determinar la intervención de alguien en el hecho criminal investigado (con un 99,99% de certeza) y si no, acreditar su inocencia.</subfield>
        </datafield>
        <datafield tag="521" ind1=" " ind2=" ">
            <subfield code="a">Graduado en Derecho</subfield>
        </datafield>
        <datafield tag="540" ind1=" " ind2=" ">
            <subfield code="a">Derechos regulados por licencia Creative Commons</subfield>
        </datafield>
        <datafield tag="700" ind1=" " ind2=" ">
            <subfield code="a">Gutiérrez Sanz, María Rosa</subfield>
            <subfield code="e">dir.</subfield>
        </datafield>
        <datafield tag="710" ind1="2" ind2=" ">
            <subfield code="a">Universidad de Zaragoza</subfield>
            <subfield code="b">Derecho Privado</subfield>
            <subfield code="c">Derecho Procesal</subfield>
        </datafield>
        <datafield tag="856" ind1="0" ind2=" ">
            <subfield code="f">622024@celes.unizar.es</subfield>
        </datafield>
        <datafield tag="856" ind1="4" ind2=" ">
            <subfield code="s">675111</subfield>
            <subfield code="u">http://zaguan.unizar.es/record/62241/files/TAZ-TFG-2017-1224.pdf</subfield>
            <subfield code="y">Memoria (spa)</subfield>
        </datafield>
        <datafield tag="909" ind1="C" ind2="O">
            <subfield code="o">oai:zaguan.unizar.es:62241</subfield>
            <subfield code="p">driver</subfield>
            <subfield code="p">trabajos-fin-grado</subfield>
        </datafield>
        <datafield tag="950" ind1=" " ind2=" ">
            <subfield code="a"></subfield>
        </datafield>
        <datafield tag="951" ind1=" " ind2=" ">
            <subfield code="a">deposita:2017-09-20</subfield>
        </datafield>
        <datafield tag="980" ind1=" " ind2=" ">
            <subfield code="a">TAZ</subfield>
            <subfield code="b">TFG</subfield>
            <subfield code="c">DER</subfield>
        </datafield>
    </record>

    
</collection>